| 000 | 01163nam a2200289Ia 4500 | ||
|---|---|---|---|
| 003 | OSt | ||
| 005 | 20220923211600.0 | ||
| 006 | a|||||r|||| 00| 0 | ||
| 007 | ta | ||
| 008 | 220922b |||||||| |||| 00| 0 san d | ||
| 020 |
_a9789386776051 (hbk (Set)) _c1995 |
||
| 024 | _a352,327 | ||
| 037 |
_b327, 27/02/2020, Eastern Book Linkers _cTextual |
||
| 040 |
_aARTS _cARTS _bsan |
||
| 041 |
_2san _asan |
||
| 082 | _aO15k, 152Q9.1-.7 | ||
| 100 |
_aशर्मा, राम कुमार, ले. _9160870 |
||
| 245 | 0 | _aसंस्कृत साहित्य शोध एवं ज्ञानकोश | |
| 246 | _aSanskṛut sāhitya shodh evan jnyānakosha | ||
| 260 |
_aजयपुर _b श्रीनिवास पब्लिकेशन्स् _c2019 |
||
| 490 | _vभाग 1 | ||
| 500 | _aVol. 6 not available in library | ||
| 650 | _a संस्कृत-शब्दकोश | ||
| 650 | _aसंस्कृत साहित्य | ||
| 942 |
_hO15k, 152Q9.1-.7 _cTEXL _2CC |
||
| 999 |
_c301006 _d301006 |
||